MDQL
is popping MORE tags! Check the
thread
!
Quizzes
Events
Quiz Creation
Community
Videos
Private Events
Remove Ads
Sign In
Join for FREE
Feedback
Dark Mode
Quiz Categories
Sports
Geography
Music
Movies
Television
Just For Fun
Miscellaneous
History
Literature
Language
Science
Gaming
Entertainment
Religion
Holiday
For Kids
Quiz Lab
Recent
Popular Today
Quiz Kudos Today
Editor Picks
Curator Picks
Quizzes by...
Day
Popularity
Type
Ratings
Length
Year
Community
Subscriptions
Recent Discussions
Orange Saloon
Badges
Playlists
Quests
Create
Leaderboards
Showdown
Live 5
Trivia Bingo
Activity
Puzzle Library
Sporcle Events
Private Events
Virtual Trivia
Globe League
Become a Host
Pub Owners
SporcleCon
Opinionation
Our Games
Videos
Blog
Mobile Apps
Partnerships
Remove Ads and Go Orange
Feedback
Movies
Disney
Marvel Cinematic Universe
Movie Resume
Movie Titles
Oscar
Actor
Actress
Director
Pixar
Role
Movie Quotes
Movie Characters
Box Office
Nominee
Best Picture
Star Wars
James Bond
Horror Movies
Movies
Disney
Marvel Cinematic Universe
Movie Resume
Movie Titles
Oscar
Actor
Actress
Director
Pixar
Role
Movie Quotes
Movie Characters
Box Office
Nominee
Best Picture
Star Wars
James Bond
Horror Movies
Random Quiz
Search Sporcle
×
Quiz Lab
Quiz Lab
Movies
Guy
Type in answers that appear in a list
Type in answers that appear in a list
Classic
Best Score? Go Orange.
Bad Guy by Movie Stats
Can you name the Bad Guy by Movie?
By
ETUB
10m
20 Questions
178 Plays
178 Plays
178 Plays
Comments
Comments
Give Quiz Kudos
Give Quiz Kudos
-
- Ratings
hide this ad
Replay
Link that replays current quiz
Next Quiz
Link to next quiz in quiz playlist
You Got
0%
They Got
Avg Score
59%
Avg Friend Score
Upgrade to see
Score Distribution
Jump to the score distribution portion of the page
Score
0/20
Timer
10:00
0
Plays Today
Movie
Bad Guy
% Correct
The Dark Knight
The Joker
98.9%
The Lion King
Scar
85.4%
Spiderman
Green Goblin
84.3%
Harry Potter (General)
Lord Voldemort
78.1%
Spiderman 3
Sandman/Venom
73.6%
X-
Men
Magneto
73%
X-
Men: The Last Stand
Magneto
73%
Spiderman 2
Dr. Octopus
73%
Batman Begins
The Scarecrow/Henri Ducard
65.2%
Beauty and the Beast
Gaston
60.7%
Movie
Bad Guy
% Correct
Superman Returns
Lex Luthor
60.1%
The Lord of the Rings (General)
Sauron
59.6%
Toy Story
Sid
58.4%
Fantastic Four
Dr. Doom
53.4%
Toy Story 2
Al
38.2%
Monsters Inc.
Randall
34.3%
Toy Story 3
Lots-O'-Huggin' Bear
32.6%
Iron Man 2
Ivan Vanko/Justin Hammer
30.9%
X2
William Stryker
28.7%
Iron Man
Obadiah Stane
25.3%
Quiz Playlist
Details
Report
Send in Message
Add To Playlist
Classic:
Type in answers that appear in a list
Last Updated: Feb 16, 2017
Quiz Scoreboard
CHALLENGE
Sign Up to Join the Scoreboard
Show All
Scores
Hide
Comments
May contain spoilers
Recently Published
1-10 Letter E Words III
by El_Dandy
Language
2m
Street Fighter Characters
by Artimus82
Gaming
60s
College Basketball Coaching Resumes
by pancakes188
Sports
9m
More to Explore
Quiz From the Vault
Featured Blog Post
Where Did the Easter Bunny Come From?
hide this ad
You Might Also Like...
Tags
Guy
Today's Top Quizzes in Movies
Browse Movies
hide this ad
Today's Top Quizzes in Guy
Browse Guy
Top Contributed Quizzes in Movies
1
Pick 5 Posters: Directed by Spielberg
2
7-to-1: Pixar Characters
3
Hidden Star Wars Character II
4
Pick 5 Posters: Lowest-Rated Spielberg
5
Hidden Star Wars Character III
6
Sorting Actors
7
Sorting Actresses
8
Hidden Star Wars Character IV
9
Pick 5 Posters: Directed by Scorsese
10
Hidden Star Wars Character V
Explore More
Trending Topics
Marvel
Kpop
NBA
Disney
Anime
Harry Potter
Crossword
Song
The Office
NFL
Puzzle
Country
Pokémon
WWE
Soccer
hide this ad
More By:
ETUB
Quiz
Plays
Rating
Category
Featured
Created
Strongest/Weakest Pokemon Gen 1
2,689
4.36
Gaming
Jul 29, 2010
Most songs in 500 greatest songs
1,022
2.78
Music
Jul 19, 2010
Best/Worst Cover Songs
528
2.73
Music
Aug 1, 2010
countries of rock n roll hall of fame
459
3.50
Music
Aug 5, 2010
rolling stone's 100 greatest artists
340
2.80
Music
Oct 17, 2009
Go to Creator's Profile
Score Distribution
Quiz Creator Spotlight
ETUB
Follow
Send a Message
Quizzes Created
-
Created Quiz Play Count
-
More By This Creator
Popular Quizzes Today
1
Find the US States - No Outlines Minefield
2
Find the Countries of Europe - No Outlines Minefield
3
The Countries of the World
4
Find the US States
5
Risky Map Clicking: Biggest States A-Z
6
US States
7
Popular People in 1961
8
Movies - When Are They Set?
More Movies Quizzes
Multiple Real People Disorder II
Published
Trending Quizzes
Risky Map Clicking: Least Populous States A-Z
Billboard Blitz: Aretha Franklin
Famous Russians: Author or Composer?
Countries of the World: 200 Million BC
1-10 Letter G Words
Recently Updated
Leaping Animals
pecheneg
Reality TV Shows (A-Z)
bhenderson79
Rickey Henderson's Hall of Fame Teammates
pecheneg
Champions League XIs: Arsenal
pecheneg
Quick Pick: Celebrities in WWE's Hall of Fame
aduchscher
A-Z Keypad Blitz II
pecheneg
Multiple Oscar Actors
pecheneg
Mystery Phrase Blitz: Oscar 'Best Actors'
pecheneg
F. Scott Fitzgerald Novels
LTH
Pick 3 Villains
ddd62291
Trending Topics
Anime
Kpop
Harry Potter
Marvel
Disney
Crossword
NBA
WWE
Country
Puzzle
Song
Pokémon
Soccer
The Office
NFL
Your Account Isn't Verified!
In order to create a playlist on Sporcle, you need to verify the email address you used during registration. Go to your
Sporcle Settings
to finish the process.
Report this User
Report this user for behavior that violates our
Community Guidelines
.
Details:
Send Report
Go to the Sporcle.com Mobile Site →
Comments